| 000 | 01485nam a22001937a 4500 | ||
|---|---|---|---|
| 999 |
_c63514 _d63514 |
||
| 003 | Ge_BSU | ||
| 005 | 20251023202818.0 | ||
| 008 | 251021s1985 ge ||||| |||| 00| 0 geo d | ||
| 041 | _ageo | ||
| 080 | _a338(479.223) ა-97 | ||
| 245 |
_aაჭარის ასსრ სახალხო მეურნეობის ზოგიერთი დარგის განვითარების სოციალურ-ეკონომიკური პრობლემები : _bტ. 3 / _cრედ. კ. ლონტი; საქართველოს სსრ მეცნიერებათა აკადემია. ბათუმის ნ. ბერძენიშვილის სახელობის სამეცნიერო-კვლევითი ინსტიტუტი |
||
| 264 |
_aთბილისი : _cმეცნიერება, _b1985. |
||
| 300 |
_a106გვ.; _b22 სმ. |
||
| 520 | _aსტატიების ბოლოს რეზიუმე რუს. ენაზე. | ||
| 653 | _aადგილობრივი მეურნეობის განვითარება აჭარის ასსრ-ში | ||
| 653 | _aტურიზმის განვითარების სოციალურ-ეკონომიკური პრობლემები | ||
| 700 |
_aღლონტი, კ. _eრედაქტორი _926009 |
||
| 942 |
_2udc _cᲬᲘᲒᲜᲘ |
||